Guide to supporting Microsoft private clouds
Suitable for your server administration course, this title prepares students to work with large providers, such as Amazon, Microsoft[registered], and Google
Gespeichert in:
| 1. Verfasser: | |
|---|---|
| Format: | Buch |
| Sprache: | Undetermined |
| Veröffentlicht: |
Boston, MA u.a.
Course Technology
2014
|
| Schlagworte: | |
| Tags: |
Tag hinzufügen
Keine Tags, Fügen Sie den ersten Tag hinzu!
|
| Thư viện lưu trữ: | Trung tâm Học liệu Trường Đại học Cần Thơ |
|---|
| LEADER | 00733nam a2200205Ia 4500 | ||
|---|---|---|---|
| 001 | CTU_187976 | ||
| 008 | 210402s9999 xx 000 0 und d | ||
| 020 | |c 2678000 | ||
| 082 | |a 004.6782 | ||
| 082 | |b C321 | ||
| 100 | |a Carswell, Ron | ||
| 245 | 0 | |a Guide to supporting Microsoft private clouds | |
| 245 | 0 | |c Ron Carswell | |
| 260 | |a Boston, MA u.a. | ||
| 260 | |b Course Technology | ||
| 260 | |c 2014 | ||
| 520 | |a Suitable for your server administration course, this title prepares students to work with large providers, such as Amazon, Microsoft[registered], and Google | ||
| 650 | |a Cloud computing,Điện toán đám mây | ||
| 910 | |a Cẩm Vân,Hải | ||
| 980 | |a Trung tâm Học liệu Trường Đại học Cần Thơ | ||